[Event "2017 Oceania Zone 3.6 Zonal Womens Championship"]
[Site "Auckland, NZL"]
[Date "2017.01.20"]
[Round "9.1"]
[White "Timergazi, Layla"]
[Black "Milligan, Helen"]
[Result "1/2-1/2"]
[LiveChessVersion "1.4.7"]
[BlackElo "2062"]
[WhiteElo "2069"]

1. d4 {[%clk 1:30:54]} Nf6 {[%clk 1:30:55]} 2. c4 {[%clk 1:31:19]} g6
{[%clk 1:31:21]} 3. Nc3 {[%clk 1:31:45]} Bg7 {[%clk 1:31:45]} 4. e4
{[%clk 1:32:11]} d6 {[%clk 1:32:09]} 5. h3 {[%clk 1:32:33]} O-O {[%clk 1:32:29]}
6. Bg5 {[%clk 1:32:45]} Qe8 {[%clk 1:32:48]} 7. Bd3 {[%clk 1:32:33]} e5
{[%clk 1:32:47]} 8. d5 {[%clk 1:32:00]} Na6 {[%clk 1:31:10]} 9. Nge2
{[%clk 1:30:05]} Nc5 {[%clk 1:31:03]} 10. Bc2 {[%clk 1:29:37]} a5
{[%clk 1:31:24]} 11. g4 {[%clk 1:26:31]} h6 {[%clk 1:27:22]} 12. Be3
{[%clk 1:26:36]} Bd7 {[%clk 1:25:31]} 13. Ng3 {[%clk 1:24:20]} Qc8
{[%clk 1:16:57]} 14. Qd2 {[%clk 1:21:21]} Kh7 {[%clk 1:16:11]} 15. O-O-O
{[%clk 1:18:43]} Ne8 {[%clk 1:13:26]} 16. f3 {[%clk 1:15:22]} a4 {[%clk 1:10:00]}
17. h4 {[%clk 1:09:49]} c6 {[%clk 1:05:44]} 18. dxc6 {[%clk 1:07:17]} Bxc6
{[%clk 1:05:22]} 19. h5 {[%clk 1:04:12]} g5 {[%clk 1:05:20]} 20. Nf5
{[%clk 1:03:51]} Ne6 {[%clk 1:04:18]} 21. Nd5 {[%clk 0:55:38]} Ra6
{[%clk 0:59:23]} 22. Qb4 {[%clk 0:50:59]} Kh8 {[%clk 0:52:00]} 23. Nb6
{[%clk 0:46:59]} Qc7 {[%clk 0:48:10]} 24. Nxd6 {[%clk 0:43:41]} Nxd6
{[%clk 0:48:19]} 25. Qxd6 {[%clk 0:43:25]} Qxd6 {[%clk 0:47:07]} 26. Rxd6
{[%clk 0:43:47]} Nd4 {[%clk 0:46:34]} 27. Bxd4 {[%clk 0:41:36]} exd4
{[%clk 0:46:54]} 28. c5 {[%clk 0:29:14]} Ra5 {[%clk 0:43:57]} 29. Kb1
{[%clk 0:25:41]} Rxc5 {[%clk 0:39:27]} 30. Bxa4 {[%clk 0:23:28]} Bxa4
{[%clk 0:37:20]} 31. Nxa4 {[%clk 0:23:48]} Ra5 {[%clk 0:36:58]} 32. Nb6
{[%clk 0:23:14]} Rb5 {[%clk 0:33:08]} 33. Nd5 {[%clk 0:20:32]} Rc8
{[%clk 0:28:55]} 34. Ne7 {[%clk 0:18:42]} Rc3 {[%clk 0:25:59]} 35. Rf1
{[%clk 0:11:36]} d3 {[%clk 0:25:28]} 36. Rc1 {[%clk 0:07:46]} Rc2
{[%clk 0:15:01]} 37. Rxc2 {[%clk 0:07:50]} dxc2+ {[%clk 0:15:24]} 38. Kxc2
{[%clk 0:08:01]} 1/2-1/2

[Event "2017 Oceania Zone 3.6 Zonal Womens Championship"]
[Site "Auckland, NZL"]
[Date "2017.01.20"]
[Round "9.2"]
[White "Qin, Nicole Shu Yu"]
[Black "Hardegen, Kathryn"]
[Result "0-1"]
[LiveChessVersion "1.4.7"]
[BlackElo "1797"]
[WhiteElo "1327"]

1. d4 {[%clk 1:30:56]} d5 {[%clk 1:30:55]} 2. c4 {[%clk 1:31:09]} c6
{[%clk 1:31:23]} 3. Nf3 {[%clk 1:30:33]} Nf6 {[%clk 1:31:24]} 4. cxd5
{[%clk 1:29:27]} cxd5 {[%clk 1:31:48]} 5. Nc3 {[%clk 1:29:52]} Nc6
{[%clk 1:31:56]} 6. Bf4 {[%clk 1:28:56]} Ne4 {[%clk 1:27:35]} 7. e3
{[%clk 1:21:19]} Nxc3 {[%clk 1:27:46]} 8. bxc3 {[%clk 1:21:30]} g6
{[%clk 1:25:06]} 9. h3 {[%clk 1:17:11]} Bg7 {[%clk 1:24:02]} 10. Bd3
{[%clk 1:13:20]} O-O {[%clk 1:24:18]} 11. g4 {[%clk 1:09:36]} Na5
{[%clk 1:12:54]} 12. g5 {[%clk 1:05:03]} f6 {[%clk 1:05:47]} 13. h4
{[%clk 1:01:34]} Bg4 {[%clk 1:04:35]} 14. Be2 {[%clk 1:00:04]} Nc4
{[%clk 0:59:22]} 15. Ng1 {[%clk 0:50:48]} Bxe2 {[%clk 0:56:56]} 16. Qxe2
{[%clk 0:49:21]} Qa5 {[%clk 0:45:46]} 17. Rc1 {[%clk 0:48:37]} e5
{[%clk 0:44:02]} 18. gxf6 {[%clk 0:43:39]} Bxf6 {[%clk 0:43:54]} 19. dxe5
{[%clk 0:40:52]} Nxe5 {[%clk 0:43:04]} 20. h5 {[%clk 0:35:23]} Qa3
{[%clk 0:31:26]} 21. Rc2 {[%clk 0:31:07]} Qe7 {[%clk 0:28:07]} 22. Bxe5
{[%clk 0:27:58]} Bxe5 {[%clk 0:27:14]} 23. hxg6 {[%clk 0:26:31]} hxg6
{[%clk 0:27:40]} 24. Qd3 {[%clk 0:25:27]} Qf7 {[%clk 0:27:49]} 25. Nh3
{[%clk 0:23:47]} Rad8 {[%clk 0:22:18]} 26. Rg1 {[%clk 0:22:03]} Rd6
{[%clk 0:20:14]} 27. f4 {[%clk 0:20:20]} Bg7 {[%clk 0:17:45]} 28. Rcg2
{[%clk 0:19:15]} Re8 {[%clk 0:16:55]} 29. Kd1 {[%clk 0:18:23]} Rc8
{[%clk 0:08:25]} 30. Rxg6 {[%clk 0:10:50]} Rxg6 {[%clk 0:08:09]} 31. Rxg6
{[%clk 0:10:30]} Rxc3 {[%clk 0:07:29]} 32. Qxc3 {[%clk 0:10:50]} Qxg6
{[%clk 0:07:46]} 33. Qc8+ {[%clk 0:10:23]} Bf8 {[%clk 0:07:36]} 34. Ng5
{[%clk 0:08:51]} Qd3+ {[%clk 0:07:38]} 35. Kc1 {[%clk 0:08:17]} Qxe3+
{[%clk 0:08:06]} 36. Kb1 {[%clk 0:08:15]} Qb6+ {[%clk 0:06:38]} 37. Ka1
{[%clk 0:07:48]} Qd4+ {[%clk 0:06:30]} 38. Kb1 {[%clk 0:08:08]} Qb6+
{[%clk 0:05:55]} 39. Ka1 {[%clk 0:08:28]} Qc6 {[%clk 0:05:14]} 40. Qxc6
{[%clk 0:38:04]} bxc6 {[%clk 0:35:43]} 41. Kb2 {[%clk 0:38:22]} Bd6
{[%clk 0:35:50]} 42. Nh3 {[%clk 0:37:57]} Kf7 {[%clk 0:36:01]} 43. Kc3
{[%clk 0:38:02]} Ke6 {[%clk 0:34:38]} 44. Kd3 {[%clk 0:38:04]} Kf5
{[%clk 0:34:41]} 45. Ke3 {[%clk 0:38:18]} c5 0-1

[Event "2017 Oceania Zone 3.6 Zonal Womens Championship"]
[Site "Auckland, NZL"]
[Date "2017.01.20"]
[Round "9.3"]
[White "Chibnall, Alana"]
[Black "Smith, Vivian J"]
[Result "1-0"]
[LiveChessVersion "1.4.7"]
[BlackElo "1741"]
[WhiteElo "1842"]

1. e4 {[%clk 1:29:49]} d6 {[%clk 1:30:34]} 2. d4 {[%clk 1:30:14]} Nf6
{[%clk 1:30:48]} 3. Nc3 {[%clk 1:30:31]} g6 {[%clk 1:31:13]} 4. Be3
{[%clk 1:30:40]} Bg7 {[%clk 1:31:03]} 5. Qd2 {[%clk 1:30:21]} c6 {[%clk 1:23:38]}
6. h3 {[%clk 1:25:00]} h5 {[%clk 1:21:22]} 7. f4 {[%clk 1:23:42]} b5
{[%clk 1:14:09]} 8. Bd3 {[%clk 1:22:44]} a6 {[%clk 1:09:35]} 9. e5
{[%clk 1:18:50]} dxe5 {[%clk 1:07:38]} 10. fxe5 {[%clk 1:16:05]} Nd5
{[%clk 1:07:24]} 11. Nxd5 {[%clk 1:12:14]} cxd5 {[%clk 1:05:59]} 12. Nf3
{[%clk 1:11:44]} Be6 {[%clk 0:52:59]} 13. O-O {[%clk 1:09:43]} O-O
{[%clk 0:48:03]} 14. Bh6 {[%clk 1:02:53]} Nc6 {[%clk 0:47:23]} 15. Qg5
{[%clk 0:59:39]} Qd7 {[%clk 0:45:10]} 16. Bxg6 {[%clk 0:57:39]} fxg6
{[%clk 0:43:29]} 17. Qxg6 {[%clk 0:58:01]} Rf7 {[%clk 0:43:10]} 18. Ng5
{[%clk 0:58:11]} 1-0

[Event "2017 Oceania Zone 3.6 Zonal Womens Championship"]
[Site "Auckland, NZL"]
[Date "2017.01.20"]
[Round "9.4"]
[White "Qin, Joy Shu Yan"]
[Black "Zhang, Jasmine Haomo"]
[Result "0-1"]
[LiveChessVersion "1.4.7"]
[BlackElo "1719"]
[WhiteElo "1708"]

1. e4 {[%clk 1:30:59]} c5 {[%clk 1:30:55]} 2. c3 {[%clk 1:31:04]} g6
{[%clk 1:31:07]} 3. Nf3 {[%clk 1:29:46]} Bg7 {[%clk 1:30:48]} 4. d4
{[%clk 1:23:55]} cxd4 {[%clk 1:30:56]} 5. cxd4 {[%clk 1:23:59]} d5
{[%clk 1:30:05]} 6. exd5 {[%clk 1:19:59]} Nf6 {[%clk 1:29:56]} 7. Ne5
{[%clk 1:11:31]} O-O {[%clk 1:26:25]} 8. Nc3 {[%clk 1:09:02]} Nxd5
{[%clk 1:25:54]} 9. Nf3 {[%clk 1:04:10]} Nc6 {[%clk 1:14:56]} 10. Be2
{[%clk 1:02:06]} e5 {[%clk 1:09:11]} 11. Bg5 {[%clk 0:52:24]} Qa5
{[%clk 1:01:34]} 12. dxe5 {[%clk 0:42:35]} Nxc3 {[%clk 1:00:30]} 13. bxc3
{[%clk 0:42:28]} Nxe5 {[%clk 0:59:05]} 14. Bd2 {[%clk 0:33:55]} Nxf3+
{[%clk 0:57:37]} 15. Bxf3 {[%clk 0:33:06]} Bxc3 {[%clk 0:51:16]} 16. Rc1
{[%clk 0:32:30]} Re8+ {[%clk 0:50:41]} 17. Be2 {[%clk 0:32:22]} Bxd2+
{[%clk 0:50:44]} 18. Qxd2 {[%clk 0:32:39]} Rxe2+ {[%clk 0:47:12]} 19. Kxe2
{[%clk 0:28:58]} Bg4+ {[%clk 0:47:35]} 20. f3 {[%clk 0:28:55]} Re8+
{[%clk 0:47:59]} 21. Kd1 {[%clk 0:29:05]} Rd8 {[%clk 0:48:19]} 22. Rc2
{[%clk 0:27:50]} Rxd2+ {[%clk 0:48:28]} 23. Rxd2 {[%clk 0:28:10]} Be6
{[%clk 0:48:48]} 24. Ke2 {[%clk 0:26:32]} Bc4+ {[%clk 0:48:56]} 25. Ke3
{[%clk 0:26:21]} Qc3+ 26. Kd4 0-1